[Event "1. OEsterreichische Internet Schach Meisterschaft - Vorrunde 2"]
[Site "Online - Playchess.com"]
[Date ""]
[Round "4"]
[Board "99"]
[White "Klinglmair, Guenter"]
[Black "Gugler, Giorgio"]
[Result "0-1"]
[WhiteElo "1483"]
[BlackElo "1405"]
[PlyCount "56"]
[EventDate "2020.04.13"]
[EventRounds "9"]
[EventCountry "AUT"]

1. Nf3 c5 2. g3 Nc6 3. Bg2 e6 4. O-O Nf6 5. Re1 d5 6. d3 Nd4 7. Bg5 Be7 8. Bxf6 Bxf6
9. c3 Nxf3+ 10. Bxf3 O-O 11. Nd2 Bd7 12. e4 Bc6 13. Qb3 Rb8 14. exd5 exd5 15. Re2
d4 16. c4 Bxf3 17. Nxf3 Re8 18. Rae1 Rxe2 19. Rxe2 g6 20. Qd1 Bg7 21. Qe1 Qb6 22.
b3 Qc6 23. Ng5 h6 24. Ne4 b6 25. Qd2 f5 26. Nc3 dxc3 27. Qf4 Re8 28. Rc2 Re1#  0-1

[Event "1. OEsterreichische Internet Schach Meisterschaft - Vorrunde 2"]
[Site "Online - Playchess.com"]
[Date ""]
[Round "5"]
[Board "1"]
[White "Platzgummer, Fabian"]
[Black "Ragger, Markus"]
[Result "1-0"]
[WhiteElo "2336"]
[BlackElo "2679"]
[PlyCount "137"]
[EventDate "2020.04.13"]
[EventRounds "9"]
[EventCountry "AUT"]

1. Nf3 Nf6 2. g3 g6 3. Bg2 Bg7 4. O-O O-O 5. c4 c6 6. d4 d5 7. cxd5 cxd5 8. Nc3 Nc6
9. Ne5 Bf5 10. Nxc6 bxc6 11. Na4 Nd7 12. b3 Nb6 13. Nc5 Nd7 14. Na4 e5 15. e3 h5
16. Ba3 Re8 17. Rc1 Rc8 18. h3 Qf6 19. Bb2 e4 20. Ba3 h4 21. g4 Be6 22. f4 exf3 23.
Qxf3 Qxf3 24. Bxf3 Bh6 25. Kf2 f5 26. g5 Bxg5 27. Rg1 Bh6 28. Rxg6+ Kh7 29. Rgg1
f4 30. e4 Nf6 31. Nc5 dxe4 32. Nxe4 Nd5 33. Bd6 Rg8 34. Be5 Rxg1 35. Rxg1 Rg8 36.
Rc1 Bd7 37. Nc3 Rg3 38. Nxd5 cxd5 39. Rc7 Kg8 40. Rxd7 Kf8 41. Bxd5 f3 42. Rf7+ Ke8
43. Rxf3 Rg5 44. Be6 Bg7 45. Bxg7 Rxg7 46. d5 Ke7 47. Bg4 Kd6 48. Be6 Rc7 49. Ke3
Rc2 50. Kf4 Rxa2 51. Kg4 a5 52. Kxh4 a4 53. bxa4 Rxa4+ 54. Kg5 Ra1 55. h4 Rg1+ 56.
Kh6 Ke7 57. h5 Kd6 58. Rf6 Ke5 59. Rg6 Ra1 60. Kh7 Ra7+ 61. Rg7 Ra8 62. h6 Kf6 63.
Rf7+ Kg5 64. Rf5+ Kh4 65. Kg7 Ra7+ 66. Bf7 Kg4 67. Rf6 Kg5 68. Rg6+ Kf5 69. h7  1-0

[Event "1. OEsterreichische Internet Schach Meisterschaft - Vorrunde 2"]
[Site "Online - Playchess.com"]
[Date ""]
[Round "5"]
[Board "2"]
[White "Shengelia, David"]
[Black "Alvir, Aco"]
[Result "1-0"]
[WhiteElo "2544"]
[BlackElo "2355"]
[PlyCount "101"]
[EventDate "2020.04.13"]
[EventRounds "9"]
[EventCountry "AUT"]

1. d4 Nf6 2. Nf3 g6 3. c4 Bg7 4. g3 O-O 5. Bg2 d6 6. O-O c6 7. Nc3 Qa5 8. Nd2 Qb6
9. Nb3 Be6 10. d5 cxd5 11. cxd5 Bd7 12. Be3 Qa6 13. Bd4 Rc8 14. Re1 b5 15. a3 Ne8
16. e4 Bxd4 17. Nxd4 Qb6 18. h4 Rc4 19. Nf3 Bg4 20. Qd2 Bxf3 21. Bxf3 Nd7 22. Be2
Rd4 23. Qe3 a6 24. h5 Nef6 25. hxg6 hxg6 26. Kg2 b4 27. Rh1 Nh7 28. Rxh7 Kxh7 29.
Rh1+ Kg7 30. Qh6+ Kf6 31. Qh4+ Kg7 32. axb4 Rg8 33. Qh6+ Kf6 34. Qf4+ Kg7 35. Qh6+
Kf6 36. Qh4+ Kg7 37. Qxe7 Nf6 38. e5 dxe5 39. Qxe5 Re8 40. Qg5 Ng8 41. b5 axb5 42.
Bxb5 f6 43. Qc1 Re5 44. Bd7 Qb7 45. Bc6 Qe7 46. Nb5 Re2 47. d6 Qe5 48. Bf3 Rxf2+
49. Kxf2 Rxd6 50. Qc7+ Ne7 51. Qxd6  1-0

[Event "1. OEsterreichische Internet Schach Meisterschaft - Vorrunde 2"]
[Site "Online - Playchess.com"]
[Date ""]
[Round "5"]
[Board "3"]
[White "Schweda, Roland"]
[Black "Belke, Frank"]
[Result "1-0"]
[WhiteElo "2444"]
[BlackElo "2273"]
[PlyCount "97"]
[EventDate "2020.04.13"]
[EventRounds "9"]
[EventCountry "AUT"]

1. d4 Nf6 2. c4 g6 3. Nc3 d5 4. cxd5 Nxd5 5. e4 Nxc3 6. bxc3 Bg7 7. Bc4 c5 8. Ne2
O-O 9. Be3 cxd4 10. cxd4 Nc6 11. O-O Bg4 12. f3 Na5 13. Bd3 Be6 14. Rc1 Bxa2 15.
Qa4 Be6 16. d5 Bd7 17. Qb4 b5 18. Bf4 Nc4 19. Bxc4 bxc4 20. Rxc4 Qb6+ 21. Qxb6 axb6
22. Rb1 b5 23. Rc7 Rfd8 24. Nc3 Bxc3 25. Rxc3 Rdc8 26. Rxc8+ Rxc8 27. Bh6 f6 28.
Ra1 b4 29. Ra7 Be8 30. Rxe7 Rb8 31. Rg7+ Kh8 32. Re7 b3 33. Bg7+ Kg8 34. Bxf6 Kf8
35. Rxh7 b2 36. Bxb2 Rxb2 37. Ra7 Bf7 38. h4 Kg7 39. Kh2 Kf6 40. Kg3 Be8 41. Ra8
Bd7 42. Rd8 Ke7 43. Ra8 Kf6 44. Ra6+ Kf7 45. e5 Bf5 46. Ra7+ Ke8 47. d6 Rb4 48. e6
Rd4 49. Ra8#  1-0

[Event "1. OEsterreichische Internet Schach Meisterschaft - Vorrunde 2"]
[Site "Online - Playchess.com"]
[Date ""]
[Round "5"]
[Board "4"]
[White "Juenger, Heinz"]
[Black "Poetz, Florian"]
[Result "0-1"]
[WhiteElo "2165"]
[BlackElo "2422"]
[PlyCount "98"]
[EventDate "2020.04.13"]
[EventRounds "9"]
[EventCountry "AUT"]

1. e4 c5 2. Nf3 e6 3. c3 d5 4. exd5 Qxd5 5. d4 Nf6 6. Na3 Nc6 7. Be3 cxd4 8. Nb5
Qd8 9. Nbxd4 Nxd4 10. Bxd4 Be7 11. Bd3 O-O 12. O-O Nd5 13. Qd2 Bf6 14. Ne5 b6 15.
Be4 Qc7 16. Bxd5 exd5 17. Rfe1 Bf5 18. Re2 h6 19. Rae1 b5 20. Qf4 Be4 21. f3 Bh7
22. Qg3 Rac8 23. Ng4 Bxd4+ 24. cxd4 Qb6 25. Kh1 Bf5 26. Re5 Bg6 27. Rxd5 Rc2 28.
Rd6 Qb8 29. h4 Rc6 30. Nxh6+ Kh7 31. Rxg6 fxg6 32. Qxb8 Rxb8 33. Ng4 Rd8 34. Ne5
Re6 35. Rc1 Rxd4 36. Rc5 a6 37. a4 Rxa4 38. g3 Rb4 39. Nd3 Rb3 40. Nf4 Rf6 41. Rc2
Rxf3 42. Kg2 Rb3 43. Kf2 a5 44. Kg2 a4 45. Kh2 b4 46. Re2 a3 47. bxa3 bxa3 48. Nd5
Rb2 49. Nxf6+ gxf6  0-1

[Event "1. OEsterreichische Internet Schach Meisterschaft - Vorrunde 2"]
[Site "Online - Playchess.com"]
[Date ""]
[Round "5"]
[Board "5"]
[White "Mostbauer, Maximilian"]
[Black "Mittelberger, Peter"]
[Result "1/2-1/2"]
[WhiteElo "2217"]
[BlackElo "2176"]
[PlyCount "115"]
[EventDate "2020.04.13"]
[EventRounds "9"]
[EventCountry "AUT"]

1. d4 d6 2. Nf3 g6 3. g3 Bg7 4. Bg2 Nf6 5. O-O O-O 6. b3 c6 7. Bb2 a6 8. Nbd2 b5
9. e4 Nfd7 10. c4 bxc4 11. Nxc4 c5 12. Qe2 Bb7 13. d5 Nf6 14. Rad1 a5 15. e5 dxe5
16. d6 Na6 17. dxe7 Qxe7 18. Qxe5 Qxe5 19. Nfxe5 Bxg2 20. Kxg2 Nc7 21. Nd7 Nxd7 22.
Bxg7 Kxg7 23. Rxd7 Ne6 24. Re1 Kg8 25. Red1 a4 26. Nb6 Ra6 27. Nxa4 c4 28. R7d6 Rxd6
29. Rxd6 cxb3 30. axb3 Rb8 31. Rd3 Rb4 32. h4 h5 33. Kf1 Kf8 34. Ke2 Ke7 35. Kd2
Rb7 36. Kc3 Kf6 37. Rf3+ Ke5 38. Nb2 Ke4 39. Re3+ Kf5 40. Nc4 Kg4 41. Ne5+ Kh3 42.
b4 Kg2 43. Nxf7 Rc7+ 44. Kb2 Nd4 45. Ne5 Kxf2 46. Rc3 Rxc3 47. Kxc3 Nb5+ 48. Kc4
Na3+ 49. Kb3 Nb5 50. Kc4 Na3+ 51. Kc5 Kxg3 52. Nxg6 Kg4 53. b5 Nxb5 54. Kxb5 Kf5
55. Ne7+ Kg4 56. Ng6 Kf5 57. Ne7+ Kg4 58. Ng6  1/2-1/2

[Event "1. OEsterreichische Internet Schach Meisterschaft - Vorrunde 2"]
[Site "Online - Playchess.com"]
[Date ""]
[Round "5"]
[Board "6"]
[White "Mostbauer, Florian"]
[Black "Neubauer, Martin"]
[Result "1-0"]
[WhiteElo "2309"]
[BlackElo "2421"]
[PlyCount "107"]
[EventDate "2020.04.13"]
[EventRounds "9"]
[EventCountry "AUT"]

1. c4 e6 2. g3 d5 3. Bg2 Nf6 4. Nf3 Be7 5. b3 O-O 6. O-O c5 7. Bb2 Nc6 8. e3 d4 9.
exd4 cxd4 10. d3 e5 11. Re1 Nd7 12. a3 a5 13. Nbd2 Re8 14. h4 h6 15. Re2 Nc5 16.
Ne4 Nxe4 17. dxe4 Bg4 18. Qd2 Qb6 19. Qd3 Bf8 20. Rc2 f6 21. Ne1 Be6 22. f4 Bd6 23.
f5 Bf7 24. g4 Be7 25. Bc1 Nb8 26. Rb1 Nd7 27. Kh2 Nc5 28. Qg3 a4 29. b4 Nb3 30. Nd3
Rac8 31. c5 Qa6 32. g5 hxg5 33. hxg5 Nxc1 34. Rbxc1 Bc4 35. Bf1 fxg5 36. Kg1 Bb5
37. Rh2 Bf6 38. Qh3 Kf7 39. Qh5+ Ke7 40. Qd1 Rh8 41. Rcc2 Qc6 42. Qf3 Rh4 43. Rxh4
gxh4 44. Rg2 Rh8 45. Rg6 Qe8 46. Nxe5 Bxf1 47. Qxf1 Kd8 48. Ng4 Qxe4 49. Nxf6 gxf6
50. Qb5 h3 51. Qa5+ Kc8 52. Qa8+ Kc7 53. Rg7+ Kc6 54. Qxb7#  1-0

[Event "1. OEsterreichische Internet Schach Meisterschaft - Vorrunde 2"]
[Site "Online - Playchess.com"]
[Date ""]
[Round "5"]
[Board "7"]
[White "Frank, Paul"]
[Black "Freitag, Manfred"]
[Result "1-0"]
[WhiteElo "2210"]
[BlackElo "2356"]
[PlyCount "115"]
[EventDate "2020.04.13"]
[EventRounds "9"]
[EventCountry "AUT"]

1. Nf3 d5 2. g3 e6 3. Bg2 Nf6 4. O-O Be7 5. d4 O-O 6. c4 dxc4 7. Ne5 Nc6 8. Bxc6
bxc6 9. Nxc6 Qe8 10. Nxe7+ Qxe7 11. Qa4 c5 12. Qc6 Bb7 13. Qxc5 Qxc5 14. dxc5 Rac8
15. Be3 Ng4 16. Bd4 e5 17. Bc3 Rfe8 18. Bb4 Nf6 19. Nc3 Bc6 20. Rfd1 Rb8 21. Ba3
h5 22. Rd6 Rec8 23. Rad1 h4 24. f3 hxg3 25. hxg3 Kf8 26. e4 Ke7 27. Nd5+ Ke8 28.
Nxf6+ gxf6 29. Rxf6 Bd7 30. Rxd7 Kxd7 31. Rxf7+ Kc6 32. Rxa7 Rd8 33. Ra6+ Kb5 34.
Rd6 Rxd6 35. cxd6 Ra8 36. d7 Kc6 37. d8=Q Rxd8 38. Bb4 Ra8 39. a3 Kd7 40. Kf2 Ke6
41. f4 exf4 42. gxf4 Rd8 43. Bc3 Rd3 44. a4 Rd1 45. a5 Kd6 46. f5 Rd3 47. e5+ Kd5
48. f6 Ke6 49. Ke2 Rd7 50. Ke3 Rd3+ 51. Ke4 Rd7 52. Bd4 Rb7 53. a6 Rb4 54. a7 Ra4
55. Kf4 Ra5 56. Kg5 Kf7 57. Kf5 c3 58. bxc3  1-0

[Event "1. OEsterreichische Internet Schach Meisterschaft - Vorrunde 2"]
[Site "Online - Playchess.com"]
[Date ""]
[Round "5"]
[Board "8"]
[White "Hessenberger, Andreas"]
[Black "Peyrer, Konstantin"]
[Result "0-1"]
[WhiteElo "2019"]
[BlackElo "2265"]
[PlyCount "34"]
[EventDate "2020.04.13"]
[EventRounds "9"]
[EventCountry "AUT"]

1. e4 e5 2. c3 Nf6 3. d3 Nc6 4. f4 d5 5. fxe5 Nxe5 6. exd5 Nxd5 7. Nf3 Nxf3+ 8. Qxf3
Bc5 9. d4 Bd6 10. Bc4 Be6 11. O-O O-O 12. Nd2 Nf4 13. Bb3 Qh4 14. h3 Bxh3 15. gxh3
Nxh3+ 16. Kg2 Ng5 17. Kg1 Qh2#  0-1

[Event "1. OEsterreichische Internet Schach Meisterschaft - Vorrunde 2"]
[Site "Online - Playchess.com"]
[Date ""]
[Round "5"]
[Board "9"]
[White "Froewis, Georg"]
[Black "Hechl, Gerald"]
[Result "1-0"]
[WhiteElo "2457"]
[BlackElo "2333"]
[PlyCount "93"]
[EventDate "2020.04.13"]
[EventRounds "9"]
[EventCountry "AUT"]

1. Nf3 d5 2. e3 Nf6 3. c4 e6 4. b3 Be7 5. Bb2 O-O 6. Nc3 c5 7. cxd5 exd5 8. d4 Nc6
9. Be2 cxd4 10. Nxd4 Ne4 11. Nxe4 dxe4 12. Nxc6 bxc6 13. O-O Qc7 14. Qc2 Bd6 15.
g3 Re8 16. Rac1 Bb7 17. Rfd1 Bf8 18. Bd4 a5 19. Bc5 Qe5 20. Rd4 Rad8 21. Bxf8 Rxf8
22. Qxe4 Qf6 23. Qf4 Qxf4 24. Rxf4 Rd2 25. Bc4 Rxa2 26. Rd1 g5 27. Rf5 h6 28. h4
gxh4 29. gxh4 Bc8 30. Rf6 Kg7 31. Rxc6 Bb7 32. Rc7 Bf3 33. Rc1 Kf6 34. Kh2 Be4 35.
Rf1 a4 36. bxa4 Rxa4 37. Be2 Bf5 38. Rc6+ Ke7 39. f4 Be6 40. Rc2 Re4 41. Rc3 Rg8
42. Bf3 Ra4 43. Rf2 Ra1 44. e4 f5 45. e5 Rgg1 46. Rb2 Ra2 47. Rxa2  1-0

[Event "1. OEsterreichische Internet Schach Meisterschaft - Vorrunde 2"]
[Site "Online - Playchess.com"]
[Date ""]
[Round "5"]
[Board "10"]
[White "Haas, Michael"]
[Black "Schneider-Zinner, Harald"]
[Result "1/2-1/2"]
[WhiteElo "2141"]
[BlackElo "2381"]
[PlyCount "69"]
[EventDate "2020.04.13"]
[EventRounds "9"]
[EventCountry "AUT"]

1. d4 d5 2. Nf3 Nf6 3. e3 e6 4. Bd3 c5 5. c3 Nc6 6. Nbd2 Bd6 7. O-O e5 8. dxe5 Nxe5
9. Nxe5 Bxe5 10. Nf3 Bc7 11. b3 O-O 12. Bb2 Bg4 13. Be2 Qd6 14. g3 Rad8 15. Qc2 Qc6
16. Nh4 Bxe2 17. Qxe2 Ne4 18. Rad1 Be5 19. Qc2 Bf6 20. Ng2 Ng5 21. Qe2 Rfe8 22. h4
Ne4 23. Nf4 Bxc3 24. Qc2 Bxb2 25. Qxb2 Rd7 26. Qc2 Red8 27. Nd3 h6 28. Ne5 Qd6 29.
Nxd7 Rxd7 30. Kg2 Qe5 31. Rd3 Nf6 32. Rd2 Ne4 33. Rd3 Nf6 34. Rd2 Ne4 35. Rd3  1/2-1/2

[Event "1. OEsterreichische Internet Schach Meisterschaft - Vorrunde 2"]
[Site "Online - Playchess.com"]
[Date ""]
[Round "5"]
[Board "11"]
[White "Leisch, Lukas"]
[Black "Kruckenhauser, Arthur"]
[Result "1-0"]
[WhiteElo "2362"]
[BlackElo "2233"]
[PlyCount "156"]
[EventDate "2020.04.13"]
[EventRounds "9"]
[EventCountry "AUT"]

1. c4 c5 2. Nf3 Nc6 3. d4 cxd4 4. Nxd4 Qb6 5. Nb3 e6 6. e4 Nf6 7. Nc3 Bb4 8. Be3
Bxc3+ 9. bxc3 Qc7 10. Bd3 Ne5 11. c5 O-O 12. f3 b6 13. cxb6 axb6 14. O-O Nxd3 15.
Qxd3 Ba6 16. Qd4 Bxf1 17. Kxf1 d5 18. Qxb6 Qxc3 19. Qd4 Qxd4 20. Bxd4 dxe4 21. a4
exf3 22. gxf3 Rfb8 23. Nc5 Rb4 24. Bf2 Nd5 25. a5 Nc7 26. a6 Nb5 27. Nd3 Rb3 28.
Ne5 Ra3 29. Rxa3 Nxa3 30. a7 Nb5 31. Nc6 Kf8 32. Ke2 Ke8 33. Kd3 Kd7 34. Ne5+ Kd6
35. Nxf7+ Ke7 36. Ne5 Kd6 37. Nc4+ Kc7 38. Ke4 Nxa7 39. Ke5 Nc6+ 40. Kxe6 Re8+ 41.
Kf7 Re7+ 42. Kg8 g5 43. Bg3+ Kd7 44. f4 g4 45. Kf8 Nd8 46. Nb6+ Ke6 47. f5+ Kxf5
48. Kxe7 Nc6+ 49. Kd6 Nd4 50. Nd5 h5 51. Ne3+ Kg5 52. Ke5 Nf3+ 53. Ke4 h4 54. Bf4+
Kh5 55. Nf1 Ng5+ 56. Kf5 Nf3 57. Ne3 Nd4+ 58. Ke4 Nf3 59. h3 Ng5+ 60. Bxg5 Kxg5 61.
Nxg4 Kh5 62. Kf4 Kg6 63. Nf2 Kh5 64. Nd3 Kh6 65. Kg4 Kg6 66. Kxh4 Kh6 67. Kg4 Kg7
68. h4 Kh7 69. Kg5 Kh8 70. h5 Kg8 71. Nf4 Kh8 72. Kg6 Kg8 73. Nd3 Kh8 74. Ne5 Kg8
75. h6 Kh8 76. Nf7+ Kg8 77. h7+ Kf8 78. h8=Q+ Ke7  1-0

[Event "1. OEsterreichische Internet Schach Meisterschaft - Vorrunde 2"]
[Site "Online - Playchess.com"]
[Date ""]
[Round "5"]
[Board "12"]
[White "Tauber, Andreas"]
[Black "Morgunov, Marc"]
[Result "0-1"]
[WhiteElo "1972"]
[BlackElo "2341"]
[PlyCount "82"]
[EventDate "2020.04.13"]
[EventRounds "9"]
[EventCountry "AUT"]

1. c4 Nf6 2. Nc3 g6 3. e4 e5 4. Nf3 Bg7 5. d4 exd4 6. Nxd4 O-O 7. Be2 Re8 8. f3 c6
9. Nc2 d5 10. cxd5 cxd5 11. Nxd5 Nxd5 12. Qxd5 Qxd5 13. exd5 b6 14. Kf2 Bb7 15. Ne3
Nd7 16. Rd1 Rac8 17. Bb5 Re7 18. d6 Rxe3 19. Bxe3 Ne5 20. d7 Rd8 21. Rac1 Ba8 22.
Rc8 Bf6 23. Bh6 Bb7 24. Rc7 Ba8 25. Rxa7 Be7 26. Re1 f6 27. f4 Ng4+ 28. Kg3 Bb4 29.
Re8+ Kf7 30. Rxd8 Nxh6 31. Rf8+ Ke6 32. d8=Q Be1+ 33. Kh3 Nf5 34. Qe8+ Kd5 35. Rxf6
Kc5 36. Qf8+ Kxb5 37. a4+ Kc4 38. Rc7+ Kb3 39. Qf7+ Kxb2 40. Rc4 Ne3 41. Qg7 Bxg2#
 0-1

[Event "1. OEsterreichische Internet Schach Meisterschaft - Vorrunde 2"]
[Site "Online - Playchess.com"]
[Date ""]
[Round "5"]
[Board "13"]
[White "Postl, Anton"]
[Black "Schroll, Gerhard"]
[Result "1-0"]
[WhiteElo "2290"]
[BlackElo "2321"]
[PlyCount "87"]
[EventDate "2020.04.13"]
[EventRounds "9"]
[EventCountry "AUT"]

1. d4 d5 2. c4 e6 3. Nf3 Nf6 4. Nc3 Be7 5. Bf4 O-O 6. e3 b6 7. h3 Bb7 8. Rc1 Nbd7
9. a3 c5 10. cxd5 Nxd5 11. Nxd5 Bxd5 12. Bd3 cxd4 13. exd4 Nf6 14. Bc7 Qe8 15. Qe2
Bxf3 16. Qxf3 Nd5 17. Be5 Rc8 18. O-O Qa4 19. h4 b5 20. h5 b4 21. axb4 Qxb4 22. Qe4
f5 23. Qe2 Bf6 24. Bc4 Bxe5 25. dxe5 Qa5 26. Rfd1 Rc5 27. Qd2 Qxd2 28. Rxd2 Rfc8
29. b3 Kf7 30. Ra1 R8c7 31. Rda2 Nb6 32. Bf1 Rxe5 33. Rxa7 Rxa7 34. Rxa7+ Kf6 35.
Rb7 Nd5 36. Bc4 Re1+ 37. Kh2 Nf4 38. Rb6 Nxh5 39. b4 Nf4 40. b5 Rc1 41. Rc6 g5 42.
b6 Rb1 43. Ba6 Nd5 44. b7  1-0

[Event "1. OEsterreichische Internet Schach Meisterschaft - Vorrunde 2"]
[Site "Online - Playchess.com"]
[Date ""]
[Round "5"]
[Board "14"]
[White "Wohlfahrt, Herbert"]
[Black "Meglitsch, Konstantin"]
[Result "1-0"]
[WhiteElo "2285"]
[BlackElo "2041"]
[PlyCount "169"]
[EventDate "2020.04.13"]
[EventRounds "9"]
[EventCountry "AUT"]

1. Nf3 Nf6 2. c4 g6 3. b3 Bg7 4. Bb2 O-O 5. g3 d6 6. d4 c5 7. Bg2 Nc6 8. O-O cxd4
9. Nxd4 Nxd4 10. Qxd4 a6 11. Nc3 Nh5 12. Qd2 Rb8 13. Nd5 Nf6 14. Nxf6+ exf6 15. Rfd1
b5 16. cxb5 Rxb5 17. Qxd6 Qa5 18. Qd2 Qb6 19. e3 Bg4 20. Rdc1 Rd8 21. Bd4 Qe6 22.
Qb2 Bf5 23. Rc6 Qd7 24. Rac1 Be6 25. h4 Bd5 26. Rc7 Qf5 27. Bxd5 Rbxd5 28. Qc2 Qh3
29. Qe4 h5 30. Qg2 Qg4 31. R7c4 Qe6 32. Rc6 Qg4 33. R6c4 Qe6 34. Qf3 Rf5 35. Qc6
Rd6 36. Qc8+ Qxc8 37. Rxc8+ Kh7 38. R8c6 Rfd5 39. Rxd6 Rxd6 40. Rc4 g5 41. Kg2 Kg6
42. Kf3 Bf8 43. Bc5 g4+ 44. Ke2 Rd8 45. Bxf8 Rxf8 46. Rc6 Kf5 47. Rxa6 Rc8 48. Ra4
Rc2+ 49. Kf1 Ke5 50. Kg2 f5 51. a3 f6 52. b4 Ke4 53. b5+ Kd3 54. Rf4 Rb2 55. Rxf5
Kc3 56. Rxh5 Kb3 57. Rf5 Kxa3 58. Rxf6 Kb3 59. Rf4 Kc3 60. Rxg4 Rxb5 61. Rg5 Rb6
62. Rd5 Kc4 63. Rd4+ Kc5 64. g4 Rf6 65. Kg3 Kc6 66. g5 Rf5 67. f4 Ra5 68. h5 Ra1
69. h6 Rg1+ 70. Kf3 Rf1+ 71. Ke4 Rh1 72. Kf5 Rf1 73. h7 Rh1 74. g6 Kc5 75. Kf6 Rh6
76. Kg7 Rh5 77. h8=Q Rxh8 78. Kxh8 Kc6 79. g7 Kc7 80. g8=Q Kb7 81. Qc4 Kb6 82. Rd3
Ka5 83. Qc2 Kb4 84. Rb3+ Ka4 85. Qa2#  1-0

[Event "1. OEsterreichische Internet Schach Meisterschaft - Vorrunde 2"]
[Site "Online - Playchess.com"]
[Date ""]
[Round "5"]
[Board "15"]
[White "Teuschler, Hugo"]
[Black "Enoeckl, Philipp"]
[Result "1/2-1/2"]
[WhiteElo "2055"]
[BlackElo "2276"]
[PlyCount "101"]
[EventDate "2020.04.13"]
[EventRounds "9"]
[EventCountry "AUT"]

1. e4 e6 2. d4 d5 3. Nd2 Be7 4. e5 c5 5. c3 Nc6 6. Ngf3 Nh6 7. Bd3 cxd4 8. cxd4 Nf5
9. Nb3 Qb6 10. Bxf5 exf5 11. O-O Be6 12. Bd2 h6 13. a4 a5 14. Rc1 g5 15. Nc5 Nxd4
16. Nxd4 Bxc5 17. Bc3 h5 18. Qd3 f4 19. Nf5 Qa6 20. Qxa6 Rxa6 21. Bd4 Bxd4 22. Nxd4
Kd7 23. Rc5 Rc8 24. Rfc1 Rxc5 25. Rxc5 Ra8 26. f3 b6 27. Rc6 Rc8 28. Rd6+ Ke7 29.
Rxb6 Rc1+ 30. Kf2 Rb1 31. Nc6+ Kd7 32. Nxa5 d4 33. Rd6+ Kc7 34. Rxd4 Rxb2+ 35. Kg1
Ra2 36. h4 gxh4 37. Rxf4 Kb6 38. Nc4+ Kc5 39. Nd6 h3 40. gxh3 Kd5 41. Nxf7 Bxf7 42.
Rxf7 Kxe5 43. Rh7 Kf4 44. Rxh5 Kg3 45. Rg5+ Kxf3 46. a5 Ra1+ 47. Kh2 Ra2+ 48. Kh1
Ra1+ 49. Kh2 Ra2+ 50. Kh1 Ra1+ 51. Kh2  1/2-1/2

[Event "1. OEsterreichische Internet Schach Meisterschaft - Vorrunde 2"]
[Site "Online - Playchess.com"]
[Date ""]
[Round "5"]
[Board "16"]
[White "Kucharski, Michael"]
[Black "Frank, Emanuel"]
[Result "0-1"]
[WhiteElo "1927"]
[BlackElo "2271"]
[PlyCount "61"]
[EventDate "2020.04.13"]
[EventRounds "9"]
[EventCountry "AUT"]

1. d4 d5 2. Nf3 Nf6 3. e3 e6 4. Bd3 c5 5. c3 Be7 6. Nbd2 O-O 7. O-O Nc6 8. dxc5 Bxc5
9. e4 h6 10. Qe2 Qc7 11. e5 Ng4 12. Nb3 Bb6 13. Nbd4 Ngxe5 14. Bb1 Nxd4 15. cxd4
Nxf3+ 16. Qxf3 f5 17. Qd3 Qf7 18. Bd2 Bd7 19. a4 a6 20. b3 Rac8 21. g3 Qf6 22. Be3
Rc6 23. f4 Rfc8 24. Ra2 Rc3 25. Qd2 Rxe3 26. Rd1 Rec3 27. Rc2 Rxc2 28. Bxc2 Bxd4+
29. Kg2 Ba7 30. b4 Qc3 31. b5  0-1

[Event "1. OEsterreichische Internet Schach Meisterschaft - Vorrunde 2"]
[Site "Online - Playchess.com"]
[Date ""]
[Round "5"]
[Board "17"]
[White "Guetz, Wolfgang"]
[Black "Neuschmied, Siegfried"]
[Result "0-1"]
[WhiteElo "2078"]
[BlackElo "2268"]
[PlyCount "196"]
[EventDate "2020.04.13"]
[EventRounds "9"]
[EventCountry "AUT"]

1. e4 d6 2. d4 Nf6 3. Nc3 g6 4. Bd3 Bg7 5. Nf3 O-O 6. O-O Nc6 7. h3 a6 8. Re1 e5
9. d5 Ne7 10. Ne2 Nexd5 11. exd5 e4 12. Bxe4 Nxe4 13. Ned4 Re8 14. c4 h6 15. Bf4
Bd7 16. Qc2 Nf6 17. Rxe8+ Bxe8 18. Re1 Nh5 19. Bh2 Qf6 20. b3 Bd7 21. Qd3 Nf4 22.
Bxf4 Qxf4 23. Re7 Rd8 24. Qe3 Qxe3 25. Rxe3 Kf8 26. Kf1 c5 27. dxc6 bxc6 28. Ke1
h5 29. Kd1 c5 30. Ne2 Bc6 31. Nc3 Bh6 32. Rd3 Bg7 33. Nd5 a5 34. a4 Rb8 35. Kc2 Bd7
36. Re3 Bf5+ 37. Kd1 Rb7 38. Nd2 Bd4 39. Re1 Bxf2 40. Rf1 Bd4 41. Nf3 Bg7 42. Nd2
Be6 43. Rf3 Ke8 44. Ne4 Kd7 45. Nef6+ Bxf6 46. Nxf6+ Ke7 47. Nd5+ Bxd5 48. cxd5 f5
49. Re3+ Kf7 50. Re6 Rxb3 51. Rxd6 Rd3+ 52. Ke2 Rd4 53. Rd7+ Kf6 54. d6 Ke6 55. Rg7
Rxd6 56. Rxg6+ Ke5 57. Rg5 h4 58. Rh5 Rd4 59. Rh8 Rxa4 60. Re8+ Kd4 61. Rf8 Ke4 62.
Re8+ Kf4 63. Rc8 Rc4 64. Rh8 Kg3 65. Rg8+ Kf4 66. Rh8 Rc2+ 67. Kd3 Rxg2 68. Rxh4+
Ke5 69. Ra4 Rg3+ 70. Ke2 Rxh3 71. Rxa5 Kd4 72. Ra8 Re3+ 73. Kd2 Re5 74. Ra4+ c4 75.
Ra8 Rd5 76. Rf8 Ke4+ 77. Ke2 f4 78. Rc8 Kd4 79. Rf8 Re5+ 80. Kf3 c3 81. Kxf4 Rc5
82. Rd8+ Kc4 83. Ke3 Re5+ 84. Kf2 Rd5 85. Rc8+ Kd3 86. Ke1 Kc2 87. Ra8 Re5+ 88. Kf2
Kd3 89. Ra1 c2 90. Kf3 Kd2 91. Ra2 Rb5 92. Ke4 Rb3 93. Kd4 Rh3 94. Kc4 Rh4+ 95. Kb3
Rh3+ 96. Kb4 Kd1 97. Kc4 c1=Q+ 98. Kd4 Qf4+  0-1

[Event "1. OEsterreichische Internet Schach Meisterschaft - Vorrunde 2"]
[Site "Online - Playchess.com"]
[Date ""]
[Round "5"]
[Board "18"]
[White "Perhinig, Robert"]
[Black "Prinz, Hubert"]
[Result "1-0"]
[WhiteElo "2252"]
[BlackElo "1956"]
[PlyCount "101"]
[EventDate "2020.04.13"]
[EventRounds "9"]
[EventCountry "AUT"]

1. d4 d5 2. Bf4 e6 3. e3 Bd6 4. Bg3 Ne7 5. c4 Bxg3 6. hxg3 c6 7. Nc3 Nd7 8. Qc2 h6
9. g4 b6 10. Nf3 Bb7 11. g5 h5 12. g6 fxg6 13. Bd3 Nf8 14. Ne5 dxc4 15. Bxg6+ Nexg6
16. Nxg6 Nxg6 17. Qxg6+ Kd7 18. Qxg7+ Qe7 19. Qe5 Raf8 20. f4 Rh7 21. O-O-O Qd6 22.
Rxh5 Qxe5 23. Rxh7+ Kc8 24. dxe5 c5 25. Rdd7 Bxg2 26. Nb5 Rg8 27. Nd6+ Kb8 28. Rdg7
Rxg7 29. Rxg7 Bf3 30. Nxc4 b5 31. Nd6 a5 32. a3 b4 33. axb4 axb4 34. b3 Bd5 35. Kb2
Bf3 36. f5 exf5 37. Nxf5 Be4 38. Nd6 Bd5 39. e4 Be6 40. Nc4 Bh3 41. Na5 Bg2 42. Nc6+
Kc8 43. Na7+ Kb8 44. e6 Bxe4 45. e7 Bc6 46. Nxc6+ Kc7 47. e8=Q+ Kb6 48. Qb8+ Ka6
49. Rb7 c4 50. bxc4 b3 51. Ra7#  1-0

[Event "1. OEsterreichische Internet Schach Meisterschaft - Vorrunde 2"]
[Site "Online - Playchess.com"]
[Date ""]
[Round "5"]
[Board "19"]
[White "Brod, Manfred"]
[Black "Hiermann, Dietmar"]
[Result "1/2-1/2"]
[WhiteElo "2211"]
[BlackElo "2250"]
[PlyCount "76"]
[EventDate "2020.04.13"]
[EventRounds "9"]
[EventCountry "AUT"]

1. e4 e5 2. Nf3 Nc6 3. d4 exd4 4. Nxd4 Nf6 5. Nxc6 bxc6 6. Bd3 d5 7. Qe2 Be7 8. e5
Nd7 9. f4 Nc5 10. O-O g6 11. Nd2 Nxd3 12. cxd3 c5 13. Nf3 c6 14. Be3 Rb8 15. b3 Qa5
16. Rfc1 Bf5 17. h3 Qa6 18. Ne1 d4 19. Bd2 Qb6 20. g4 Be6 21. Ng2 h5 22. Rf1 hxg4
23. hxg4 Bd5 24. f5 gxf5 25. Rxf5 Be6 26. Rf3 Kd7 27. Rg3 Rbg8 28. Nf4 Qd8 29. Rf1
Rh4 30. Nxe6 fxe6 31. Rf7 Qe8 32. Qf3 Rgh8 33. g5 Rh1+ 34. Kf2 R1h2+ 35. Rg2 R2h3
36. Rg3 Rh2+ 37. Rg2 R2h3 38. Rg3 Rh2+  1/2-1/2